00653nam a22001577a 450000500170000000800410001702000150005805000210007310000380009424501550013226000350028730000180032261000580034065100540039865100430045220240216135517.0240216b cr ||||| |||| 00| 0 spa d a999248305904aF1527 bO78 2004 aOrtega Saavedra, Humberto, autor. aLa epopeya de la insurrección : Nicaragua siglo XX, pensamiento y acción, análisis histórico, narración inédita / Humberto Ortega Saavedra aManagua, Nicaragua : Lea, 2004 a510 páginas1 aFrente Sandinista de Liberación Nacional xHistoria 72lembaNicaraguaxPolítica y gobiernoy1937-1979 72lembaNicaragua xHistoria y1979-1990